00522nam a22001817i 450000100060000000300080000600500170001400800390003103500190007004000270008904100080011608200230012410000260014724500650017326000540023830000220029265000260031431864BD-RjUL20211209051746.0140422s1979 bg 000 0 eng a(BD-RjUL)31952 aDLCcDLCdBD-RjULbeng aeng00a291.175 bAMS 19791 aAmin, Muhammad Ruhul.10aScience, philosophy, and religion /cby Muhammad Ruhul Amin. aDacca : bIslamic Foundation, Bangladesh, c1979. a167 p. ; c22 cm. 0aIslam and philosophy.